Nezamestnanosť absolventov slovenských vysokých škôl v kontexte vývoja celkovej nezamestnanosti na Slovensku

Vývoj nezamestnanosti absolventov slovenských vysokých škôl v kontexte celkovej nezamestnanosti na Slovensku. Prehľad štatistických údajov (evidovanej) o nezamestnanosti absolventov vysokých škôl na Slovensku z hľadiska ich časového vývoja.

Saved in:
Bibliographic Details
Main Author: Blanár, František
Format: Book Chapter
Language:Slovak
Subjects:
Tags: Add Tag
No Tags, Be the first to tag this record!

MARC

LEADER 00000naa a2200000 4500
001 0248735
005 20220715112334.6
041 0 |a slo 
044 |a SK 
245 1 0 |a Nezamestnanosť absolventov slovenských vysokých škôl v kontexte vývoja celkovej nezamestnanosti na Slovensku  |c František Blanár 
520 |a Vývoj nezamestnanosti absolventov slovenských vysokých škôl v kontexte celkovej nezamestnanosti na Slovensku. Prehľad štatistických údajov (evidovanej) o nezamestnanosti absolventov vysokých škôl na Slovensku z hľadiska ich časového vývoja. 
610 2 0 |a miera nezamestnanosti 
610 2 0 |a Slovensko 
610 2 0 |a absolventi 
610 2 0 |a školy vysoké 
610 2 0 |a trh práce 
100 1 |a Blanár, František